00305nam a2200133Ia 4500003000400000005001700004008004100021020001500062040000900077100002300086245003400109260001900143260000900162OSt20240222151659.0170524s9999 xx 000 0 und d a8170247020 cIIMT aRavi Bhushan Kumar 0aCoastal Tourism & Environment bA . P. H. Pub. c1995